000 00427nam a2200181Ia 4500
001 20986
005 20260306172846.0
008 260306t2021||||xx |||||||||||||| ||spa||
041 _aESP
082 _a343.83
_bA49
100 _aÁlvarez Isla, Mercedes,
_eAUT
245 0 _aRegímenes aduaneros especiales
260 _c2021
300 _a62 páginas :
_c
650 _aGEN
654 _aCCO
942 _cLIB
_dJUS
_fJUS
_2ddc
_n
999 _c20986
_d20986